000 00374 a2200109 4500
001 ART_39670
005 20260410162012.0
008 260409a
245 1 0 _aRecepción del diploma de "Profesor Emérito"
100 1 _aGómez Farías, Alberto
773 0 _tPropuestas para la sociedad, el gobierno y la producción
_g- Año 5, Nº 9 (nov. 2001)
_wREV39547
999 _c32298
_d32298